书目信息 |
| 题名: |
理论热点面对面
|
|
| 作者: | ;中宣部 编 | |
| 分册: | 2007 | |
| 出版信息: | 北京 学习出版社 2007 |
|
| 页数: | 223页 | |
| 开本: | 21cm | |
| 丛书名: | ||
| 单 册: | ||
| 中图分类: | D64 | |
| 科图分类: | ||
| 主题词: | 思想政治教育--中国--学习参考资料 , 思想政治教育 , 政治--中国 | |
| 电子资源: | ||
| ISBN: | 978-7-80116-649-4 | |
| 000 | 00855nam0 2200253 450 | |
| 001 | 2660795488 | |
| 005 | 20260409165342.99 | |
| 010 | @a978-7-80116-649-4@dCNY12.80 | |
| 100 | @a20080102d2007 em y0chiy50 ea | |
| 101 | 0 | @achi |
| 102 | @aCN@b110000 | |
| 105 | @aa z 000yy | |
| 200 | 1 | @a理论热点面对面@Ali lun re dian mian dui mian@h2007@f中共中央宣传部理论局[编] |
| 210 | @a北京@c学习出版社@c人民出版社@d2007 | |
| 215 | @a223页@c图@d21cm | |
| 300 | @a通俗理论读物之五 | |
| 330 | @a本书对与干部群众密切相关的热点问题,进行了深入浅出的回答,用最新素材阐述理论问题,用身边事例说明深刻道理,具有较强的针对性和说服力。 | |
| 606 | 0 | @a思想政治教育@y中国@j学习参考资料 |
| 606 | 0 | @a思想政治教育 |
| 606 | 0 | @a政治@x中国 |
| 690 | @aD64@v4 | |
| 711 | 02 | @a中宣部@Azhong xuan bu@b理论局@4编 |
| 801 | 0 | @aCN@bNLC@c20101222 |
| 905 | @a10447@dD64@e268 | |
| 理论热点面对面.2007/中共中央宣传部理论局[编].-北京:学习出版社:人民出版社,2007 |
| 223页:图;21cm |
| 通俗理论读物之五 |
| ISBN 978-7-80116-649-4:CNY12.80 |
| 本书对与干部群众密切相关的热点问题,进行了深入浅出的回答,用最新素材阐述理论问题,用身边事例说明深刻道理,具有较强的针对性和说服力。 |
| ● |
| 相关链接 |
|
|
|
|
正题名:理论热点面对面
索取号:D64/268
 
预约/预借
| 序号 | 登录号 | 条形码 | 馆藏地/架位号 | 状态 | 备注 |
| 1 | 1442504 | 214425040 | 第一样本阅览室/ [索取号:D64/268] | 在馆 |